| 000 | 00841nam a2200253 i 4500 | ||
|---|---|---|---|
| 001 | 122871 | ||
| 003 | ES-MaACL | ||
| 005 | 20251217111152.0 | ||
| 007 | t| | ||
| 008 | 070214s1905 sp |||| | spa d | ||
| 100 | 1 |
_aPulido, Ángel, _d1852-1932 _9149324 |
|
| 245 | 1 | 0 |
_aEspañoles sin patria y la raza sefardí / _cÁngel Pulido Fernández. |
| 260 |
_aMadrid : _b[s.n.], _c1905 ( _fEnrique Teodoro) |
||
| 300 |
_aVIII, 659 p ; _c24 cm. |
||
| 490 | 1 | _aIntereses nacionales | |
| 530 | _aDisponible en formato digital. | ||
| 650 | 0 | 4 |
_aSefardíes. _917011 |
| 830 | 0 |
_aIntereses nacionales _9218882 |
|
| 852 |
_aES-MaACL _jF-11578 _cSPP2 |
||
| 852 |
_aES-MaACL _jF-800 _cDEPO2 |
||
| 856 | 4 |
_uhttps://catalogo.bne.es/permalink/34BNE_INST/f0qo1i/alma991000143849708606 _y(Biblioteca Nacional) |
|
| 942 | _2udc | ||
| 999 |
_c122871 _d122871 |
||